[Event "DEM U14 2021"]
[Site "Willingen GER"]
[Date "2021.08.23"]
[Round "1"]
[White "Schwartz, Oliver"]
[Black "Herter, Arne"]
[Result "0-1"]
[Termination "normal"]
[Board "13"]
[WhiteElo "1896"]
[BlackElo "1740"]
[WhiteClock "00:00:32"]
[BlackClock "00:12:02"]
[PlyCount "68"]
[WhiteFideId "16207459"]
[BlackFideId "16255372"]
[EventCountry "GER"]
[EventRounds "9"]
[EventType "swiss"]
[EventDate "2021.08.22"]

1. d4 {[%clk 1:30:56]} Nf6 {[%clk 1:30:53]} 2. c4 {[%clk 1:31:20]} g6 {[%clk
1:31:16]} 3. Nc3 {[%clk 1:31:44]} Bg7 {[%clk 1:31:40]} 4. e4 {[%clk 1:32:07]}
d6 {[%clk 1:32:03]} 5. Nf3 {[%clk 1:32:20]} O-O {[%clk 1:32:24]} 6. Be2 {[%clk
1:32:29]} e5 {[%clk 1:32:36]} 7. O-O {[%clk 1:32:29]} Nc6 {[%clk 1:32:59]} 8.
d5 {[%clk 1:32:52]} Ne7 {[%clk 1:33:22]} 9. b4 {[%clk 1:33:12]} Nd7 {[%clk
1:33:29]} 10. c5 {[%clk 1:31:04]} f5 {[%clk 1:33:25]} 11. Ba3 {[%clk 1:09:59]}
Nf6 {[%clk 1:32:46]} 12. Nd2 {[%clk 1:08:54]} Rf7 {[%clk 1:31:27]} 13. Rc1
{[%clk 1:04:29]} Bf8 {[%clk 1:28:09]} 14. f3 {[%clk 0:59:13]} f4 {[%clk
1:18:11]} 15. Nb5 {[%clk 0:54:09]} g5 {[%clk 1:10:43]} 16. cxd6 {[%clk
0:51:09]} cxd6 {[%clk 1:11:00]} 17. Nc7 {[%clk 0:48:45]} Rb8 {[%clk 1:01:09]}
18. Ne6 {[%clk 0:45:41]} Bxe6 {[%clk 1:01:28]} 19. dxe6 {[%clk 0:40:47]} Rg7
{[%clk 0:47:24]} 20. Nc4 {[%clk 0:31:12]} b5 {[%clk 0:38:48]} 21. Na5 {[%clk
0:20:05]} d5 {[%clk 0:38:47]} 22. exd5 {[%clk 0:16:47]} Nfxd5 {[%clk 0:38:47]}
23. Rc5 Ne3 {[%clk 0:34:11]} 24. Qxd8 {[%clk 0:15:13]} Rxd8 {[%clk 0:32:55]}
25. Rf2 {[%clk 0:09:36]} N7d5 26. Nc6 {[%clk 0:06:47]} Bxc5 {[%clk 0:24:22]}
27. Nxd8 {[%clk 0:01:06]} Bb6 {[%clk 0:16:05]} 28. Nf7 {[%clk 0:00:45]} Nc3
{[%clk 0:12:18]} 29. Nxe5 Nc2 30. Bb2 {[%clk 0:00:35]} Nxe2+ {[%clk 0:12:15]}
31. Kf1 {[%clk 0:00:31]} Bxf2 32. Kxf2 Ned4 {[%clk 0:12:13]} 33. Ng4 {[%clk
0:00:31]} Re7 {[%clk 0:11:49]} 34. Nh6+ {[%clk 0:00:32]} Kf8 {[%clk 0:12:02]}
0-1

[Event "DEM U14 2021"]
[Site "Willingen GER"]
[Date "2021.08.23"]
[Round "1"]
[White "Müller, Maximilian"]
[Black "Klühs, Gustaf"]
[Result "1/2-1/2"]
[Termination "normal"]
[Board "14"]
[WhiteElo "1651"]
[BlackElo "1869"]
[WhiteClock "00:11:28"]
[BlackClock "00:10:54"]
[PlyCount "99"]
[WhiteFideId "16243552"]
[BlackFideId "16228936"]
[EventCountry "GER"]
[EventRounds "9"]
[EventType "swiss"]
[EventDate "2021.08.22"]

1. e4 {[%clk 1:30:58]} e6 {[%clk 1:30:54]} 2. d4 {[%clk 1:31:25]} d5 {[%clk
1:31:21]} 3. Nc3 {[%clk 1:31:52]} Bb4 {[%clk 1:31:15]} 4. exd5 {[%clk 1:32:16]}
exd5 {[%clk 1:31:35]} 5. Bd3 {[%clk 1:32:42]} Nc6 {[%clk 1:30:54]} 6. a3 {[%clk
1:33:05]} Be7 {[%clk 1:29:30]} 7. Be3 {[%clk 1:30:49]} Nf6 {[%clk 1:29:45]} 8.
h3 {[%clk 1:31:04]} Be6 {[%clk 1:28:51]} 9. Qf3 {[%clk 1:30:45]} Qd7 {[%clk
1:23:44]} 10. Nge2 {[%clk 1:30:09]} O-O-O {[%clk 1:18:23]} 11. O-O-O {[%clk
1:23:44]} Kb8 {[%clk 1:16:30]} 12. Bf4 {[%clk 1:17:43]} g6 {[%clk 1:13:44]} 13.
Bg5 {[%clk 1:11:49]} Nh5 {[%clk 1:12:08]} 14. Bxe7 {[%clk 1:12:11]} Qxe7 {[%clk
1:08:59]} 15. Rhe1 {[%clk 1:09:00]} Qd7 {[%clk 1:07:08]} 16. g4 {[%clk
1:05:42]} Ng7 {[%clk 1:07:31]} 17. Qf6 {[%clk 0:54:15]} Rhg8 {[%clk 1:06:43]}
18. f3 {[%clk 0:46:02]} Ne8 {[%clk 1:02:43]} 19. Qh4 {[%clk 0:45:20]} Nd6
{[%clk 1:01:44]} 20. Qf2 {[%clk 0:45:05]} Na5 {[%clk 0:51:46]} 21. Nf4 {[%clk
0:38:32]} Ndc4 {[%clk 0:51:35]} 22. b4 {[%clk 0:26:02]} Qd6 {[%clk 0:49:40]}
23. Qg3 {[%clk 0:26:29]} Qb6 {[%clk 0:25:32]} 24. Qf2 {[%clk 0:26:27]} Rd6
{[%clk 0:23:28]} 25. Na4 {[%clk 0:23:46]} Qc6 {[%clk 0:22:27]} 26. Nc5 {[%clk
0:22:39]} b6 {[%clk 0:22:00]} 27. Ncxe6 {[%clk 0:21:50]} Qa4 {[%clk 0:22:12]}
28. Bxc4 {[%clk 0:21:12]} Nxc4 {[%clk 0:22:17]} 29. Rd3 {[%clk 0:21:22]} fxe6
{[%clk 0:21:55]} 30. Rxe6 {[%clk 0:17:17]} Rxe6 {[%clk 0:22:01]} 31. Nxe6
{[%clk 0:17:45]} Nxa3 {[%clk 0:21:21]} 32. Qd2 {[%clk 0:17:25]} Nc4 {[%clk
0:21:35]} 33. Qc3 {[%clk 0:17:54]} Re8 {[%clk 0:19:14]} 34. Nf4 {[%clk
0:18:17]} Re1+ {[%clk 0:18:52]} 35. Rd1 {[%clk 0:18:44]} Re3 {[%clk 0:18:55]}
36. Rd3 {[%clk 0:19:08]} Rxd3 {[%clk 0:17:42]} 37. Nxd3 {[%clk 0:18:52]} Qe8
{[%clk 0:17:31]} 38. Ne5 {[%clk 0:18:05]} Nxe5 {[%clk 0:16:00]} 39. dxe5 {[%clk
0:18:33]} g5 {[%clk 0:15:11]} 40. Qe3 {[%clk 0:18:44]} Qe7 {[%clk 0:15:15]} 41.
e6 {[%clk 0:18:55]} c6 {[%clk 0:13:35]} 42. Qe5+ {[%clk 0:13:24]} Kc8 {[%clk
0:13:48]} 43. c3 {[%clk 0:13:39]} a5 {[%clk 0:12:58]} 44. Qh8+ {[%clk 0:12:47]}
Kb7 {[%clk 0:12:07]} 45. Qe5 {[%clk 0:12:07]} axb4 {[%clk 0:11:16]} 46. cxb4
{[%clk 0:12:36]} h6 {[%clk 0:11:05]} 47. Qf5 {[%clk 0:10:47]} Kc7 {[%clk
0:10:46]} 48. Qe5+ {[%clk 0:11:16]} Kc8 {[%clk 0:11:01]} 49. Qh8+ {[%clk
0:11:40]} Kc7 {[%clk 0:10:54]} 50. Qe5+ {[%clk 0:11:28]} 1/2-1/2

[Event "DEM U14 2021"]
[Site "Willingen GER"]
[Date "2021.08.23"]
[Round "1"]
[White "Pick, Max"]
[Black "Andrade, Ruben"]
[Result "0-1"]
[Termination "normal"]
[Board "15"]
[WhiteElo "1794"]
[BlackElo "1638"]
[WhiteClock "00:00:34"]
[BlackClock "00:02:04"]
[PlyCount "62"]
[WhiteFideId "16210883"]
[BlackFideId "16246829"]
[EventCountry "GER"]
[EventRounds "9"]
[EventType "swiss"]
[EventDate "2021.08.22"]

1. d4 f5 2. Nf3 {[%clk 1:30:36]} Nf6 {[%clk 1:31:13]} 3. c4 g6 {[%clk 1:31:16]}
4. Nc3 {[%clk 1:30:04]} Bg7 {[%clk 1:31:32]} 5. Bf4 {[%clk 1:28:52]} O-O 6. e3
{[%clk 1:25:25]} d6 {[%clk 1:31:34]} 7. h3 {[%clk 1:21:44]} c6 {[%clk 1:31:03]}
8. Be2 {[%clk 1:20:13]} Na6 {[%clk 1:29:35]} 9. O-O {[%clk 1:10:39]} Qe8 {[%clk
1:26:12]} 10. c5 {[%clk 0:49:59]} Nh5 {[%clk 0:56:42]} 11. cxd6 {[%clk
0:42:08]} Nxf4 {[%clk 0:55:08]} 12. Bxa6 {[%clk 0:37:07]} Nxh3+ {[%clk
0:51:07]} 13. gxh3 {[%clk 0:37:20]} bxa6 {[%clk 0:51:29]} 14. Qb3+ {[%clk
0:35:14]} Kh8 {[%clk 0:49:35]} 15. dxe7 {[%clk 0:31:00]} Qxe7 {[%clk 0:49:17]}
16. Ne2 {[%clk 0:12:09]} g5 {[%clk 0:37:48]} 17. Ne5 {[%clk 0:01:34]} Bxe5
{[%clk 0:23:13]} 18. dxe5 {[%clk 0:01:59]} f4 {[%clk 0:22:27]} 19. exf4 {[%clk
0:01:21]} gxf4 {[%clk 0:22:47]} 20. Kh1 {[%clk 0:00:37]} f3 {[%clk 0:21:46]}
21. Ng3 {[%clk 0:00:41]} Be6 {[%clk 0:20:14]} 22. Qa4 {[%clk 0:00:46]} Qg5
{[%clk 0:12:49]} 23. Qxc6 {[%clk 0:00:32]} Qh6 {[%clk 0:09:08]} 24. Nh5 {[%clk
0:00:44]} Rae8 {[%clk 0:08:07]} 25. Rg1 {[%clk 0:00:32]} Qxh5 {[%clk 0:08:11]}
26. Rg3 {[%clk 0:00:44]} Qxe5 {[%clk 0:07:28]} 27. Qb7 {[%clk 0:00:34]} Rg8
{[%clk 0:05:21]} 28. Rag1 {[%clk 0:00:49]} Bd5 {[%clk 0:02:58]} 29. Qxa7 {[%clk
0:00:32]} Rxg3 {[%clk 0:01:46]} 30. Rxg3 {[%clk 0:00:49]} Rg8 {[%clk 0:01:50]}
31. b3 {[%clk 0:00:34]} Rxg3 {[%clk 0:02:04]} 0-1

[Event "DEM U14 2021"]
[Site "Willingen GER"]
[Date "2021.08.23"]
[Round "1"]
[White "Kieselbach, Marvin"]
[Black "Foerster-Yialamas, Lucas"]
[Result "0-1"]
[Termination "normal"]
[Board "16"]
[BlackTitle "CM"]
[WhiteElo "1592"]
[BlackElo "1881"]
[WhiteClock "00:05:28"]
[BlackClock "00:54:32"]
[PlyCount "54"]
[WhiteFideId "16235770"]
[BlackFideId "30901774"]
[EventCountry "GER"]
[EventRounds "9"]
[EventType "swiss"]
[EventDate "2021.08.22"]

1. d4 {[%clk 1:30:59]} Nf6 {[%clk 1:30:41]} 2. Nf3 {[%clk 1:31:22]} g6 {[%clk
1:31:02]} 3. Nc3 {[%clk 1:31:42]} d5 {[%clk 1:31:21]} 4. Bf4 {[%clk 1:31:41]}
Bg7 {[%clk 1:31:40]} 5. e3 {[%clk 1:31:48]} O-O {[%clk 1:31:56]} 6. Be2 {[%clk
1:31:46]} c5 {[%clk 1:32:00]} 7. Ne5 {[%clk 1:31:25]} Nc6 {[%clk 1:32:16]} 8.
h4 {[%clk 1:26:13]} h5 {[%clk 1:31:09]} 9. Bb5 {[%clk 1:10:18]} cxd4 {[%clk
1:28:35]} 10. exd4 {[%clk 1:10:17]} Qb6 {[%clk 1:27:40]} 11. Bxc6 {[%clk
0:51:07]} bxc6 {[%clk 1:26:03]} 12. Na4 {[%clk 0:44:03]} Qb5 {[%clk 1:25:51]}
13. Nc5 {[%clk 0:42:39]} Qb4+ {[%clk 1:17:43]} 14. Qd2 {[%clk 0:33:12]} Qxb2
{[%clk 1:17:20]} 15. O-O {[%clk 0:31:02]} Bf5 {[%clk 1:16:01]} 16. Nxc6 {[%clk
0:22:40]} Rfe8 {[%clk 1:13:44]} 17. Rfb1 {[%clk 0:19:28]} Qxc2 {[%clk 1:13:38]}
18. Qxc2 {[%clk 0:19:26]} Bxc2 {[%clk 1:14:05]} 19. Rb7 {[%clk 0:19:43]} Ng4
{[%clk 0:58:39]} 20. Rc1 {[%clk 0:19:00]} Bf5 {[%clk 0:54:38]} 21. Na6 {[%clk
0:17:22]} Bc8 {[%clk 0:53:46]} 22. Nxe7+ {[%clk 0:11:10]} Rxe7 {[%clk 0:54:06]}
23. Rxe7 {[%clk 0:06:03]} Bxa6 {[%clk 0:54:33]} 24. Be5 {[%clk 0:06:07]} Bh6
{[%clk 0:53:21]} 25. Rcc7 {[%clk 0:05:51]} Rb8 {[%clk 0:53:38]} 26. g3 {[%clk
0:05:07]} Rb1+ {[%clk 0:54:07]} 27. Kg2 {[%clk 0:05:28]} Bf1+ {[%clk 0:54:32]}
0-1

[Event "DEM U14 2021"]
[Site "Willingen GER"]
[Date "2021.08.23"]
[Round "1"]
[White "Hänselmann, Hendrik"]
[Black "Amrhein, Dennis"]
[Result "1-0"]
[Termination "normal"]
[Board "17"]
[WhiteElo "1859"]
[BlackElo "1267"]
[WhiteClock "01:03:47"]
[BlackClock "01:02:32"]
[PlyCount "61"]
[WhiteFideId "16232755"]
[BlackFideId "16254570"]
[EventCountry "GER"]
[EventRounds "9"]
[EventType "swiss"]
[EventDate "2021.08.22"]

1. e4 {[%clk 1:30:57]} d5 {[%clk 1:30:58]} 2. exd5 {[%clk 1:31:23]} Qxd5 {[%clk
1:31:15]} 3. Nc3 {[%clk 1:31:48]} Qa5 {[%clk 1:31:31]} 4. g3 {[%clk 1:32:11]}
Nf6 {[%clk 1:31:30]} 5. Bg2 {[%clk 1:32:30]} c6 {[%clk 1:31:50]} 6. Nge2 {[%clk
1:32:47]} Bg4 {[%clk 1:30:52]} 7. h3 {[%clk 1:33:01]} Bh5 {[%clk 1:30:22]} 8.
g4 {[%clk 1:32:56]} Bg6 {[%clk 1:30:37]} 9. f4 {[%clk 1:31:18]} e6 {[%clk
1:29:43]} 10. O-O {[%clk 1:31:17]} Be7 {[%clk 1:27:45]} 11. d3 {[%clk 1:29:47]}
Nbd7 {[%clk 1:27:51]} 12. Qe1 {[%clk 1:25:48]} Qb6+ {[%clk 1:23:53]} 13. Kh1
{[%clk 1:25:56]} h5 {[%clk 1:23:47]} 14. g5 {[%clk 1:25:25]} Nd5 {[%clk
1:23:47]} 15. Nxd5 {[%clk 1:24:26]} cxd5 {[%clk 1:23:26]} 16. Nc3 {[%clk
1:23:45]} Qd6 {[%clk 1:20:40]} 17. f5 {[%clk 1:07:14]} Bxf5 {[%clk 1:10:51]}
18. Rxf5 {[%clk 1:06:32]} O-O {[%clk 1:07:55]} 19. Rf1 {[%clk 1:05:48]} a6
{[%clk 1:05:40]} 20. Bf4 {[%clk 1:05:04]} Qc6 {[%clk 1:04:40]} 21. Nxd5 {[%clk
1:03:53]} exd5 {[%clk 1:04:42]} 22. Qxe7 {[%clk 1:04:18]} Rae8 {[%clk 1:04:40]}
23. Qd6 {[%clk 1:04:19]} Qxc2 {[%clk 1:03:28]} 24. Qxd7 {[%clk 1:02:17]} Re2
{[%clk 1:03:38]} 25. Qxd5 {[%clk 1:02:33]} Qxb2 {[%clk 1:03:44]} 26. Bd6 {[%clk
1:02:22]} Rfe8 {[%clk 1:02:22]} 27. Qxf7+ {[%clk 1:02:39]} Kh7 {[%clk 1:02:27]}
28. Qxh5+ {[%clk 1:03:04]} Kg8 {[%clk 1:02:11]} 29. Rf8+ {[%clk 1:03:19]} Rxf8
{[%clk 1:02:16]} 30. Bd5+ {[%clk 1:03:47]} Rf7 {[%clk 1:02:32]} 31. Bxf7# 1-0

[Event "DEM U14 2021"]
[Site "Willingen GER"]
[Date "2021.08.23"]
[Round "1"]
[White "Lippitz, Jaden"]
[Black "Stork, Christopher"]
[Result "0-1"]
[Termination "normal"]
[Board "18"]
[WhiteElo "1615"]
[BlackElo "1885"]
[WhiteClock "00:48:53"]
[BlackClock "00:18:37"]
[PlyCount "46"]
[WhiteFideId "34608893"]
[BlackFideId "16215400"]
[EventCountry "GER"]
[EventRounds "9"]
[EventType "swiss"]
[EventDate "2021.08.22"]

1. e4 {[%clk 1:30:57]} c5 {[%clk 1:30:50]} 2. Nc3 {[%clk 1:31:19]} a6 {[%clk
1:30:45]} 3. g3 {[%clk 1:31:33]} b5 {[%clk 1:29:39]} 4. Bg2 {[%clk 1:31:34]}
Bb7 {[%clk 1:29:36]} 5. d3 {[%clk 1:31:06]} e6 {[%clk 1:26:21]} 6. a4 {[%clk
1:27:56]} b4 {[%clk 1:25:31]} 7. Nce2 {[%clk 1:27:17]} Be7 {[%clk 1:23:05]} 8.
c3 {[%clk 1:25:32]} d5 {[%clk 1:17:59]} 9. exd5 {[%clk 1:23:32]} Bxd5 {[%clk
1:16:00]} 10. Nf4 {[%clk 1:21:59]} Bxg2 {[%clk 1:13:55]} 11. Nxg2 {[%clk
1:22:26]} Bf6 {[%clk 1:10:23]} 12. Ne2 {[%clk 1:18:21]} Ne7 {[%clk 0:54:40]}
13. Bd2 {[%clk 1:16:05]} Qxd3 {[%clk 0:48:05]} 14. cxb4 {[%clk 1:15:05]} Qe4
{[%clk 0:46:22]} 15. O-O {[%clk 1:11:27]} cxb4 {[%clk 0:45:19]} 16. Rb1 {[%clk
1:07:38]} O-O {[%clk 0:44:29]} 17. Nef4 {[%clk 1:05:56]} Rd8 {[%clk 0:41:56]}
18. Re1 {[%clk 1:04:14]} Qb7 {[%clk 0:39:14]} 19. Nh5 {[%clk 1:00:13]} Bd4
{[%clk 0:33:39]} 20. Be3 {[%clk 0:57:15]} Nbc6 {[%clk 0:32:19]} 21. Qg4 {[%clk
0:53:29]} Nf5 {[%clk 0:26:26]} 22. Nh4 {[%clk 0:49:38]} Ne5 {[%clk 0:20:41]}
23. Qg5 {[%clk 0:48:53]} h6 {[%clk 0:18:37]} 0-1

[Event "DEM U14 2021"]
[Site "Willingen GER"]
[Date "2021.08.23"]
[Round "1"]
[White "Metzdorf, Matteo"]
[Black "Pfeffer, Samuel"]
[Result "1-0"]
[Termination "normal"]
[Board "19"]
[WhiteElo "1859"]
[BlackElo "1487"]
[WhiteClock "00:17:14"]
[BlackClock "00:34:29"]
[PlyCount "45"]
[WhiteFideId "16209869"]
[BlackFideId "16249160"]
[EventCountry "GER"]
[EventRounds "9"]
[EventType "swiss"]
[EventDate "2021.08.22"]

1. e4 {[%clk 1:30:58]} e5 {[%clk 1:30:44]} 2. Nf3 {[%clk 1:31:23]} Nc6 {[%clk
1:30:41]} 3. Bb5 {[%clk 1:31:47]} a6 {[%clk 1:30:23]} 4. Ba4 {[%clk 1:32:11]}
Nf6 {[%clk 1:30:17]} 5. d3 {[%clk 1:31:35]} b5 {[%clk 1:29:19]} 6. Bb3 {[%clk
1:31:57]} Bc5 {[%clk 1:28:31]} 7. O-O {[%clk 1:31:36]} d6 {[%clk 1:27:12]} 8.
c3 {[%clk 1:31:32]} h6 {[%clk 1:26:52]} 9. Re1 {[%clk 1:24:00]} Bb6 {[%clk
1:25:57]} 10. h3 {[%clk 1:22:53]} O-O {[%clk 1:24:08]} 11. Nbd2 {[%clk
1:22:00]} Ne7 {[%clk 1:23:20]} 12. Nf1 {[%clk 1:16:09]} Ng6 {[%clk 1:20:50]}
13. Ng3 {[%clk 1:13:37]} Re8 {[%clk 1:20:21]} 14. d4 {[%clk 1:04:10]} Bb7
{[%clk 1:11:32]} 15. Bc2 {[%clk 1:02:42]} d5 {[%clk 1:05:27]} 16. Nxe5 {[%clk
0:40:06]} Nxe5 {[%clk 1:04:25]} 17. dxe5 {[%clk 0:36:51]} Rxe5 {[%clk 0:57:58]}
18. Bf4 {[%clk 0:36:38]} Re8 {[%clk 0:55:15]} 19. e5 {[%clk 0:34:51]} Nd7
{[%clk 0:51:52]} 20. Qg4 {[%clk 0:19:31]} Kh8 {[%clk 0:42:54]} 21. Nf5 {[%clk
0:19:22]} Rg8 {[%clk 0:41:28]} 22. Qh5 {[%clk 0:18:25]} Qe8 {[%clk 0:34:29]}
23. Bxh6 {[%clk 0:17:14]} 1-0

[Event "DEM U14 2021"]
[Site "Willingen GER"]
[Date "2021.08.23"]
[Round "1"]
[White "Kieselbach, Jannik"]
[Black "Guo, Philipp Ziming"]
[Result "0-1"]
[Termination "normal"]
[Board "20"]
[WhiteElo "1462"]
[BlackElo "1728"]
[WhiteClock "00:00:54"]
[BlackClock "00:01:35"]
[PlyCount "58"]
[WhiteFideId "16246403"]
[BlackFideId "16245199"]
[EventCountry "GER"]
[EventRounds "9"]
[EventType "swiss"]
[EventDate "2021.08.22"]

1. e4 {[%clk 1:30:56]} c5 {[%clk 1:30:55]} 2. Nf3 {[%clk 1:31:10]} d6 {[%clk
1:31:15]} 3. d4 {[%clk 1:30:44]} cxd4 {[%clk 1:31:36]} 4. Nxd4 {[%clk 1:30:59]}
Nf6 {[%clk 1:31:53]} 5. Nc3 {[%clk 1:30:59]} a6 {[%clk 1:32:00]} 6. Be2 {[%clk
1:24:40]} Nbd7 {[%clk 1:29:41]} 7. O-O {[%clk 1:23:31]} g6 {[%clk 1:29:15]} 8.
Be3 {[%clk 1:20:03]} Bg7 {[%clk 1:28:39]} 9. f3 {[%clk 1:19:31]} Qc7 {[%clk
1:25:28]} 10. Qd2 {[%clk 1:18:19]} O-O {[%clk 1:25:02]} 11. Rac1 {[%clk
1:14:02]} Ne5 {[%clk 1:13:42]} 12. b3 {[%clk 1:10:34]} e6 {[%clk 1:00:32]} 13.
h3 {[%clk 0:56:11]} Bd7 {[%clk 0:47:45]} 14. Nd1 {[%clk 0:39:40]} d5 {[%clk
0:37:13]} 15. exd5 {[%clk 0:37:23]} Nxd5 {[%clk 0:37:16]} 16. Bf2 {[%clk
0:37:01]} Nc6 {[%clk 0:24:31]} 17. c4 {[%clk 0:26:05]} Nf4 {[%clk 0:21:07]} 18.
Nc3 {[%clk 0:22:57]} Bh6 {[%clk 0:15:51]} 19. Be3 {[%clk 0:18:08]} Rad8 {[%clk
0:08:17]} 20. Rcd1 {[%clk 0:14:33]} Bc8 {[%clk 0:05:52]} 21. Kh1 {[%clk
0:10:58]} Nxd4 {[%clk 0:01:17]} 22. Bxd4 {[%clk 0:09:52]} e5 {[%clk 0:01:32]}
23. Nd5 {[%clk 0:05:22]} Rxd5 {[%clk 0:01:28]} 24. cxd5 {[%clk 0:04:40]} exd4
{[%clk 0:01:48]} 25. Qb2 {[%clk 0:02:16]} Nh5 {[%clk 0:01:20]} 26. Rd3 {[%clk
0:01:02]} Ng3+ {[%clk 0:01:31]} 27. Kg1 {[%clk 0:01:21]} Nxf1 {[%clk 0:01:41]}
28. Kxf1 {[%clk 0:01:28]} Be3 {[%clk 0:01:29]} 29. Qa3 {[%clk 0:00:54]} Qg3
{[%clk 0:01:35]} 0-1

[Event "DEM U14 2021"]
[Site "Willingen GER"]
[Date "2021.08.23"]
[Round "1"]
[White "Hoppstädter, Daniel"]
[Black "Poetzsch-Heffter, Frieder"]
[Result "1-0"]
[Termination "normal"]
[Board "21"]
[WhiteElo "1743"]
[BlackElo "1598"]
[WhiteClock "00:29:56"]
[BlackClock "00:03:24"]
[PlyCount "57"]
[WhiteFideId "16243625"]
[BlackFideId "34608842"]
[EventCountry "GER"]
[EventRounds "9"]
[EventType "swiss"]
[EventDate "2021.08.22"]

1. d4 {[%clk 1:30:57]} d5 {[%clk 1:30:49]} 2. c4 {[%clk 1:31:22]} e6 {[%clk
1:31:12]} 3. Nc3 {[%clk 1:31:47]} Nf6 {[%clk 1:31:32]} 4. cxd5 {[%clk 1:32:01]}
exd5 {[%clk 1:31:50]} 5. Bg5 {[%clk 1:32:16]} Be7 {[%clk 1:32:03]} 6. e3 {[%clk
1:32:34]} O-O {[%clk 1:32:03]} 7. Bd3 {[%clk 1:32:56]} Nbd7 {[%clk 1:32:12]} 8.
Qc2 {[%clk 1:32:42]} Re8 {[%clk 1:32:07]} 9. Nge2 {[%clk 1:32:47]} Nf8 {[%clk
1:31:35]} 10. O-O {[%clk 1:33:04]} c6 {[%clk 1:31:35]} 11. f3 {[%clk 1:31:35]}
g6 {[%clk 1:30:13]} 12. e4 {[%clk 1:30:01]} Ne6 {[%clk 1:23:46]} 13. Bxf6
{[%clk 1:27:28]} Bxf6 {[%clk 1:23:34]} 14. e5 {[%clk 1:27:22]} Be7 {[%clk
1:22:51]} 15. f4 {[%clk 1:15:54]} Ng7 {[%clk 1:07:57]} 16. f5 {[%clk 0:35:02]}
Nxf5 {[%clk 0:53:17]} 17. Bxf5 {[%clk 0:35:24]} Bxf5 {[%clk 0:53:28]} 18. Rxf5
{[%clk 0:35:29]} gxf5 {[%clk 0:19:04]} 19. Qxf5 {[%clk 0:34:58]} Bf8 {[%clk
0:17:59]} 20. Rf1 {[%clk 0:33:46]} Re7 {[%clk 0:17:16]} 21. Rf3 {[%clk
0:33:37]} Bg7 {[%clk 0:12:23]} 22. Rg3 {[%clk 0:33:15]} Qf8 {[%clk 0:11:59]}
23. Nf4 {[%clk 0:33:10]} Kh8 {[%clk 0:10:05]} 24. Nh5 {[%clk 0:32:55]} Re6
{[%clk 0:06:05]} 25. Rxg7 {[%clk 0:32:47]} Rg6 {[%clk 0:05:36]} 26. Rxf7 {[%clk
0:31:33]} Qg8 {[%clk 0:05:37]} 27. Nf4 {[%clk 0:30:58]} Rg5 {[%clk 0:04:19]}
28. Qf6+ {[%clk 0:29:47]} Rg7 {[%clk 0:03:24]} 29. e6 {[%clk 0:29:56]} 1-0

[Event "DEM U14 2021"]
[Site "Willingen GER"]
[Date "2021.08.23"]
[Round "1"]
[White "Leubner, Paul Damdin"]
[Black "Nitsche, Nikolai"]
[Result "0-1"]
[Termination "normal"]
[Board "22"]
[WhiteElo "1407"]
[BlackElo "1835"]
[WhiteClock "00:01:04"]
[BlackClock "00:59:14"]
[PlyCount "52"]
[WhiteFideId "16265858"]
[BlackFideId "16221036"]
[EventCountry "GER"]
[EventRounds "9"]
[EventType "swiss"]
[EventDate "2021.08.22"]

1. e4 {[%clk 1:30:58]} c5 {[%clk 1:30:50]} 2. Nf3 {[%clk 1:31:12]} Nc6 {[%clk
1:31:08]} 3. d4 {[%clk 1:30:50]} cxd4 {[%clk 1:30:56]} 4. Nxd4 {[%clk 1:30:39]}
g6 {[%clk 1:30:29]} 5. Be3 {[%clk 1:28:57]} Bg7 {[%clk 1:30:42]} 6. Be2 {[%clk
1:21:44]} Nf6 {[%clk 1:29:17]} 7. f3 {[%clk 1:18:51]} O-O {[%clk 1:29:03]} 8.
Qd2 {[%clk 1:06:41]} d5 {[%clk 1:27:35]} 9. exd5 {[%clk 0:58:34]} Nxd5 {[%clk
1:27:14]} 10. Bf2 {[%clk 0:51:03]} Nxd4 {[%clk 1:24:01]} 11. Bxd4 {[%clk
0:48:57]} e5 {[%clk 1:24:11]} 12. Bf2 {[%clk 0:45:06]} Nf4 {[%clk 1:23:18]} 13.
g3 {[%clk 0:40:34]} Nxe2 {[%clk 1:23:19]} 14. Qxe2 {[%clk 0:37:00]} e4 {[%clk
1:22:05]} 15. Nc3 {[%clk 0:25:55]} exf3 {[%clk 1:22:07]} 16. Qxf3 {[%clk
0:24:50]} Re8+ {[%clk 1:22:27]} 17. Be3 {[%clk 0:12:14]} Bg4 {[%clk 1:08:59]}
18. Qxg4 {[%clk 0:05:16]} Rxe3+ {[%clk 1:09:19]} 19. Kf2 {[%clk 0:03:17]} Qd2+
{[%clk 1:09:00]} 20. Ne2 {[%clk 0:03:22]} Rae8 {[%clk 1:07:49]} 21. Rhe1 {[%clk
0:02:28]} Qxc2 {[%clk 1:06:10]} 22. Rac1 {[%clk 0:01:48]} Qxb2 {[%clk 1:04:43]}
23. Rc8 {[%clk 0:01:03]} Qxa2 {[%clk 0:59:06]} 24. Rxe8+ {[%clk 0:01:00]} Rxe8
{[%clk 0:59:27]} 25. Qd7 {[%clk 0:01:14]} Qe6 {[%clk 0:59:37]} 26. Qxb7 {[%clk
0:01:04]} Bc3 {[%clk 0:59:14]} 0-1

[Event "DEM U14 2021"]
[Site "Willingen GER"]
[Date "2021.08.23"]
[Round "1"]
[White "Rose, Daniel"]
[Black "Schott, Andy"]
[Result "0-1"]
[Termination "normal"]
[Board "23"]
[WhiteElo "1848"]
[BlackElo "1555"]
[WhiteClock "00:03:23"]
[BlackClock "00:19:00"]
[PlyCount "66"]
[WhiteFideId "16242963"]
[BlackFideId "16244940"]
[EventCountry "GER"]
[EventRounds "9"]
[EventType "swiss"]
[EventDate "2021.08.22"]

1. d4 {[%clk 1:30:57]} Nf6 {[%clk 1:30:53]} 2. c4 {[%clk 1:31:24]} g6 {[%clk
1:31:20]} 3. Nc3 {[%clk 1:31:43]} d5 {[%clk 1:31:44]} 4. e3 {[%clk 1:31:41]}
Bg7 {[%clk 1:31:56]} 5. Nf3 {[%clk 1:29:19]} O-O {[%clk 1:26:07]} 6. Bd3 {[%clk
1:29:19]} Bg4 {[%clk 1:26:07]} 7. Qb3 {[%clk 1:24:17]} dxc4 {[%clk 1:07:14]} 8.
Qxb7 {[%clk 1:15:20]} Nc6 {[%clk 1:04:35]} 9. Bxc4 Na5 10. Qb4 {[%clk 1:14:23]}
Nxc4 {[%clk 1:04:49]} 11. Qxc4 {[%clk 1:13:35]} Be6 12. Qe2 {[%clk 1:13:52]} c5
{[%clk 1:00:53]} 13. O-O {[%clk 1:11:50]} Rc8 {[%clk 0:50:00]} 14. Rd1 {[%clk
1:09:24]} Nd5 15. Nxd5 {[%clk 1:09:30]} Qxd5 {[%clk 0:50:06]} 16. e4 {[%clk
1:06:03]} Qb7 {[%clk 0:42:02]} 17. d5 Bd7 {[%clk 0:38:41]} 18. e5 {[%clk
1:00:08]} Bb5 {[%clk 0:37:12]} 19. Qe4 {[%clk 0:37:28]} Rfd8 {[%clk 0:31:44]}
20. Bg5 {[%clk 0:34:32]} h6 {[%clk 0:26:56]} 21. e6 {[%clk 0:31:19]} f5 {[%clk
0:25:02]} 22. Qh4 {[%clk 0:28:18]} hxg5 {[%clk 0:21:59]} 23. Nxg5 Be8 {[%clk
0:22:19]} 24. Qh7+ {[%clk 0:07:45]} Kf8 {[%clk 0:19:57]} 25. d6 {[%clk
0:04:02]} Rxd6 26. Rxd6 {[%clk 0:04:10]} exd6 {[%clk 0:20:24]} 27. Re1 {[%clk
0:01:34]} Qe7 28. f4 Bd4+ {[%clk 0:18:09]} 29. Kf1 {[%clk 0:01:59]} Bb5+ 30.
Re2 Bxe2+ {[%clk 0:18:23]} 31. Kxe2 {[%clk 0:02:43]} Qxh7 {[%clk 0:18:42]} 32.
Nxh7+ {[%clk 0:03:11]} Ke7 {[%clk 0:19:00]} 33. Ng5 {[%clk 0:03:23]} Bxb2 0-1